000 00635nam a2200181Ia 4500
008 100920s9999 xx 000 0 und d
082 _b63626
_a61 थ 61
100 _aदेशपांडे वामन हरि.
245 _aघरंदाज गायकी.
260 _bदेशपांडे सुरेश वामन, मुंबई.
_c1961
300 _a132
_bसाधी
365 _b5
520 _aस्थानिक वाचन.
630 _aघरंदाज गायकी.
650 _aस्थानिक वाचन.
730 _aघरंदाज गायकी.
942 _cBOOK
999 _c706706
_d706703